Anteproyecto de reforma de la constitución nacional aprobado por el consejo superior del Partido Peronista el dia 6 de enero de 1949

Shranjeno v:
Bibliografske podrobnosti
Korporativna značnica: Partido Peronista (Author)
Format: Knjiga
Jezik:španščina
Izdano: Buenos Aires Partido Peronista 1949
Teme:
Oznake: Označite
Brez oznak, prvi označite!

MARC

LEADER 00000nam a2200000 a 4500
001 UCR4308
003 CL-VaPUC
008 980307e19490000AG |||||||||||||||||spa|d
082 0 4 |a 349.82  |b PAR  |2 21 
110 2 |a Partido Peronista  |e author  |9 404191 
245 1 0 |a Anteproyecto de reforma de la constitución nacional aprobado por el consejo superior del Partido Peronista el dia 6 de enero de 1949 
300 |a 54 p 
942 |c BK 
945 |d 19980307 00:00:00  |a crobeson 
260 |a Buenos Aires  |b Partido Peronista  |c 1949 
650 7 |a LEGISLACION ARGENTINA  |2 CL-VaPUC  |9 404192 
650 0 |a Derecho constitucional   |9 222588 
650 7 |a CONSTITUCION ARGENTINA  |2 CL-VaPUC  |9 404193 
650 0 |a Reformas constitucionales   |9 255169 
651 0 |a Argentina  |9 254888 
583 |a last modification  |c 19980307 00:00:00  |k Rodrigo Vera 
999 |c 267254  |d 267252 
952 |0 0  |1 0  |4 0  |6 349_820000000000000_PAR_1949  |7 0  |8 P  |9 299517  |a BIBDER  |b BIBDER  |d 2019-11-20  |i 1949446  |o 349.82 PAR 1949  |p 1949446  |r 2023-01-25  |w 2019-11-20  |y BK  |k DER 
952 |0 0  |1 0  |4 0  |6 349_820000000000000_PAR_1949  |7 0  |8 X  |9 299518  |a BIBHIS  |b BIBHIS  |d 2019-11-20  |i 1384031  |o 349.82 PAR 1949  |p 1384031  |r 2024-01-30  |w 2019-11-20  |y BK_X  |k HIS